Vodné elektrárne z hľadiska energetika

Guardado en:
Detalles Bibliográficos
Autor principal: Vávra, Ján, 1951- (Autor)
Formato: Libro
Lenguaje:eslovaco
Publicado: Bratislava : SVTL, 1957
Edición:1. vyd.
Etiquetas: Agregar Etiqueta
Sin Etiquetas, Sea el primero en etiquetar este registro!

MARC

LEADER 00000nam a22000003a 4500
001 stu52845
005 20150617225703.0
008 000328s1957----cs------------------slo-d
040 |a STU  |b slo 
041 0 |a slo 
044 |a cs 
080 |a 621.22 
080 |a 620.9 
100 1 |a Vávra, Ján,  |d 1951-  |4 aut  |u V940  |X 537  |U V940  |Y V940  |7 A000000537 
245 1 |a Vodné elektrárne z hľadiska energetika 
250 |a 1. vyd. 
260 |a Bratislava :  |b SVTL,  |c 1957 
300 |a 175 s 
996 |b 284EK03650  |c E*118  |l EE01  |s A  |a 24  |w stu52845_0001